| 000 | 00596nam a2200229Ia 4500 | ||
|---|---|---|---|
| 003 | OSt | ||
| 005 | 20221007072123.0 | ||
| 006 | a|||||r|||| 00| 0 | ||
| 007 | ta | ||
| 008 | 221006b |||||||| |||| 00| 0 eng d | ||
| 024 | _a12,879 | ||
| 037 | _cTextual | ||
| 040 |
_aFLL _cFLL _beng |
||
| 041 |
_2eng _aeng |
||
| 082 | _aV3,8.N7, L2 | ||
| 100 |
_aGarrett J. Au. _9690094 |
||
| 245 | 0 | _aManagement of governement | |
| 260 |
_aLondon _bPenguin books London _c1972 |
||
| 300 |
_a303p _ccm. |
||
| 942 |
_hV3,8.N7, L2 _cTEXL _2CC |
||
| 999 |
_c1145240 _d1145240 |
||